|
|
|
|
| LEADER |
00000nab a2200000 a 4500 |
| 001 |
vtls010181891 |
| 003 |
SK-MaSNL |
| 005 |
20260304155340.0 |
| 008 |
250507c2010 xo ||||||||||||00 b|slo |
| 015 |
|
|
|a SNBRB2010/10
|2 snkbucl
|
| 035 |
|
|
|a (uuid)633ddb36-b8a4-45b6-abd4-6e0ac149d16b
|
| 035 |
|
|
|a urn:nbn:sk:snk-ab94jh
|
| 035 |
|
|
|a (urnnbn)urn:nbn:sk:snk:ar-0025xh
|
| 038 |
|
|
|a SNKBUCL
|
| 040 |
|
|
|a SNKBUCL
|b slo
|c SNKBUCL
|e AACR2
|
| 041 |
0 |
|
|a slo
|b eng
|
| 044 |
|
|
|a xo
|c SK
|
| 080 |
|
|
|a 005.931.2
|2 2001
|
| 080 |
|
|
|a 658.011.3
|2 2001
|
| 100 |
1 |
|
|a Németh, Ľudovít
|4 aut
|9 25509
|
| 245 |
1 |
0 |
|a Niektoré problémy terminológie pri klasifikácii rizík
|c Ľudovít Németh
|
| 504 |
|
|
|a Bibliogr. odkazy
|
| 546 |
|
|
|a Res. angl.
|
| 650 |
0 |
7 |
|a riziká
|2 snkbucl
|9 393865
|
| 650 |
0 |
7 |
|a klasifikácia
|2 snkbucl
|9 3849
|
| 650 |
0 |
7 |
|a terminológia
|2 snkbucl
|9 3617
|
| 773 |
0 |
|
|t Krízový manažment = Crisis Management
|g Roč. 9, č. 1 (2010), s. 17-19
|x 1336-0019
|
| 850 |
|
|
|a Slovenská národná knižnica
|
| 852 |
|
|
|a Slovenská národná knižnica
|
| 954 |
|
|
|a odborná, vedecká literatúra pôvodná (slovenská)
|2 lita
|
| 958 |
|
|
|a article13
|
| 958 |
|
|
|a OND
|
| 958 |
|
|
|a NB
|
| 958 |
|
|
|a EUIPO
|
| 999 |
|
|
|c 2961749
|d 2963679
|